<?xml version="1.0" encoding="UTF-8"?>
<collection xmlns="http://www.loc.gov/MARC21/slim">
 <record>
  <leader>01368nam a2200433   4500</leader>
  <controlfield tag="001">DLU070058834</controlfield>
  <controlfield tag="005">##20020404173032.0</controlfield>
  <controlfield tag="008">##940523s1995    nyua     b    000 0aeng  </controlfield>
  <datafield tag="010" ind1="#" ind2="#">
   <subfield code="a">   94021384 </subfield>
  </datafield>
  <datafield tag="020" ind1="#" ind2="#">
   <subfield code="a">0940450844</subfield>
  </datafield>
  <datafield tag="035" ind1="#" ind2="#">
   <subfield code="9">(DLC)   94021384</subfield>
  </datafield>
  <datafield tag="040" ind1="#" ind2="#">
   <subfield code="a">DLC</subfield>
   <subfield code="c">DLC</subfield>
   <subfield code="d">DLC</subfield>
  </datafield>
  <datafield tag="041" ind1="#" ind2="#">
   <subfield code="a">eng</subfield>
  </datafield>
  <datafield tag="043" ind1="#" ind2="#">
   <subfield code="a">n-us---</subfield>
  </datafield>
  <datafield tag="050" ind1="#" ind2="#">
   <subfield code="a">GR55.H86</subfield>
   <subfield code="b">A3 1995</subfield>
  </datafield>
  <datafield tag="082" ind1="#" ind2="#">
   <subfield code="a">398.092</subfield>
   <subfield code="b">HU-Z</subfield>
  </datafield>
  <datafield tag="100" ind1="#" ind2="#">
   <subfield code="a">Hurston, Zora Neale.</subfield>
  </datafield>
  <datafield tag="240" ind1="#" ind2="#">
   <subfield code="a">Selections,</subfield>
   <subfield code="f">1995</subfield>
  </datafield>
  <datafield tag="245" ind1="#" ind2="#">
   <subfield code="a">Folklore, memoirs, and other writings /</subfield>
   <subfield code="c">Zora Neale Hurston.</subfield>
  </datafield>
  <datafield tag="260" ind1="#" ind2="#">
   <subfield code="a">[New York] :</subfield>
   <subfield code="b">Library of America :</subfield>
   <subfield code="b">Distributed to the U.S. by Penguin Books,</subfield>
   <subfield code="c">c1995.</subfield>
  </datafield>
  <datafield tag="300" ind1="#" ind2="#">
   <subfield code="a">1001 p. :</subfield>
   <subfield code="b">ill. ;</subfield>
   <subfield code="c">21 cm.</subfield>
  </datafield>
  <datafield tag="440" ind1="#" ind2="#">
   <subfield code="a">Library of America ;</subfield>
   <subfield code="v">75</subfield>
  </datafield>
  <datafield tag="504" ind1="#" ind2="#">
   <subfield code="a">Includes bibliographical references (p. 981-1001).</subfield>
  </datafield>
  <datafield tag="505" ind1="#" ind2="#">
   <subfield code="a">Mules and men -- Tell my horse -- Dust tracks on a road -- Selected articles.</subfield>
  </datafield>
  <datafield tag="650" ind1="#" ind2="#">
   <subfield code="a">African American authors</subfield>
   <subfield code="v">Biography.</subfield>
  </datafield>
  <datafield tag="650" ind1="#" ind2="#">
   <subfield code="a">African Americans</subfield>
   <subfield code="x">Folklore.</subfield>
  </datafield>
  <datafield tag="650" ind1="#" ind2="#">
   <subfield code="a">Authors, American</subfield>
   <subfield code="y">20th century</subfield>
   <subfield code="v">Biography.</subfield>
  </datafield>
  <datafield tag="650" ind1="#" ind2="#">
   <subfield code="a">Folklorists</subfield>
   <subfield code="z">United States</subfield>
   <subfield code="v">Biography.</subfield>
  </datafield>
  <datafield tag="650" ind1="#" ind2="#">
   <subfield code="a">Hurston, Zora Neale.</subfield>
  </datafield>
  <datafield tag="923" ind1="#" ind2="#">
   <subfield code="a">02/2007</subfield>
  </datafield>
  <datafield tag="992" ind1="#" ind2="#">
   <subfield code="a">50.000</subfield>
  </datafield>
  <datafield tag="994" ind1="#" ind2="#">
   <subfield code="a">DLU</subfield>
  </datafield>
  <datafield tag="900" ind1="#" ind2="#">
   <subfield code="a">True</subfield>
  </datafield>
  <datafield tag="911" ind1="#" ind2="#">
   <subfield code="a">Đào Thị Thu Huyền</subfield>
  </datafield>
  <datafield tag="925" ind1="#" ind2="#">
   <subfield code="a">G</subfield>
  </datafield>
  <datafield tag="926" ind1="#" ind2="#">
   <subfield code="a">A</subfield>
  </datafield>
  <datafield tag="927" ind1="#" ind2="#">
   <subfield code="a">SH</subfield>
  </datafield>
  <datafield tag="980" ind1="#" ind2="#">
   <subfield code="a">Thư viện Trường Đại học Đà Lạt</subfield>
  </datafield>
 </record>
</collection>
